Estudios de léxico especializado: economía actual 1998-2008, migraciones, gestión del patrimonio cultural, gestión del turismo gastronómico

Gardado en:
Detalles Bibliográficos
Main Authors: Gallardo San Salvador, Natividad (Author), Gómez de Enterría y Sánchez, Josefa (Author)
Formato: Libro
Idioma:Lingua castelá
Publicado: Granada Atrio 2009
Series:Traducción en el Atrio, 17
Subjects:
Tags: Engadir etiqueta
Sen Etiquetas, Sexa o primeiro en etiquetar este rexistro!

MARC

LEADER 00000nam a2200000 a 4500
001 UCG0095
003 CL-VaPUC
008 100312e20090000SP |||||||||||||||||spa|d
020 |a 9788496101739 
082 0 4 |a 417  |b GAL  |2 21 
100 0 |a Gallardo San Salvador, Natividad  |e author  |9 547478 
700 |a Gómez de Enterría y Sánchez, Josefa  |e author  |9 562719 
245 1 0 |a Estudios de léxico especializado: economía actual 1998-2008, migraciones, gestión del patrimonio cultural, gestión del turismo gastronómico 
300 |a 485 p 
942 |c BK 
945 |d 20100312 00:00:00  |a rbrito 
260 |a Granada  |b Atrio  |c 2009 
650 0 |a Lexicografía  |9 321487 
650 7 |a DIALECTOLOGIA  |2 CL-VaPUC  |9 461785 
650 0 |a Semántica  |9 265318 
650 0 |a Vocabulario técnico   |9 547480 
650 0 |a Economía   |9 255568 
650 0 |a Migraciones   |9 377610 
650 0 |a Patrimonio cultural  |9 309364 
650 0 |a Turismo  |9 308920 
650 0 |a Gastronomía  |9 324668 
583 |a last modification  |c 20121105 03:18:13  |k Rodrigo Vera 
490 0 |a Traducción en el Atrio, 17 
999 |c 339846  |d 339844 
952 |0 0  |1 0  |4 0  |6 417_000000000000000_GAL_2009  |7 0  |8 A  |9 434072  |a FDOPOS  |b FDOPOS  |d 2019-11-22  |i 4641140  |o 417 GAL 2009  |p 4641140  |r 2025-01-22  |w 2019-11-22  |y BK  |k DLA